000 00312nam a2200145Ia 4500
100 _aMueller / john
942 _cBK
654 _aclipper 5.0
245 _aIllustrated clipper 5.0
260 _bBPB Publication
_aNew Delhi
_c1991
082 _a1.642
_bMUE
300 _a495
546 _aENGLISH
999 _c21350
_d21350